000 00693nam a2200229Ia 4500
003 OSt
005 20220918223219.0
006 a|||||r|||| 00| 0
007 ta
008 220917b |||||||| |||| 00| 0 eng d
024 _a221,313
037 _cTextual
040 _aARTS
_cARTS
_beng
041 _2eng
_aeng
082 _aZ1xM81, J8 (EV)
100 _aBrierly James Leslie
245 0 _aBasis of obligation in international law and other papers ed by H Lanterpacht and C H M Waldock
260 _aOxford
_bClarendon Press
_c1958
650 _aINTERNATIONAL LAW
_921942
942 _hZ1xM81, J8 (EV)
_cTEXL
_2CC
999 _c277831
_d277831